[Event "Santiago de Chile Constitucion op"]
[Site "Santiago de Chile"]
[Date "2020.02.23"]
[Round "6"]
[White "Barria Arbunic, Manuel"]
[Black "Andaur Vega, Claudio Alejandro"]
[Result "1-0"]
[WhiteElo "2034"]
[BlackElo "2033"]
[PlyCount "74"]
[EventDate "2020.02.22"]
[EventType "swiss"]
[EventRounds "6"]
[EventCountry "CHI"]
[SourceTitle "CBM 195 Extra"]
[Source "ChessBase"]
[SourceDate "2020.05.31"]
[SourceVersion "1"]
[SourceVersionDate "2020.05.31"]
[SourceQuality "1"]

1. d4 Nf6 2. c4 e6 3. Nf3 Bb4+ 4. Nbd2 b6 5. g3 Bb7 6. Bg2 0-0 7. 0-0 Be7 8. Qc2 a5 9. e4 d6 10. b3 Nbd7 11. Bb2 Ne8 12. d5 e5 13. Ne1 g6 14. a3 Ng7 15. Nd3 Nc5 16. f4 f6 17. Ne1 Nd7 18. b4 c5 19. b5 Qc7 20. Nd3 Rfe8 21. h4 Bc8 22. f5 Nb8 23. g4 Bd8 24. Rf2 Re7 25. Raf1 Rf7 26. Qd1 Be7 27. Bc1 Qd8 28. Re1 Nd7 29. Nf1 gxf5 30. exf5 Kh8 31. Ng3 Ra7 32. Ne4 Nf8 33. Ref1 Bd7 34. g5 Bxf5 35. Rxf5 Nxf5 36. Rxf5 Nd7 37. Qh5 Rg7 1-0

[Event "CHI-ch sf"]
[Site "Talca"]
[Date "2020.01.15"]
[Round "2"]
[White "Andaur Vega, Claudio Alejandro"]
[Black "Salinas Herrera, Pablo Patricio"]
[Result "0-1"]
[WhiteElo "2033"]
[BlackElo "2504"]
[PlyCount "78"]
[EventDate "2020.01.15"]
[EventType "swiss"]
[EventRounds "9"]
[EventCountry "CHI"]
[SourceTitle "CBM 194 Extra"]
[Source "ChessBase"]
[SourceDate "2020.03.31"]
[SourceVersion "1"]
[SourceVersionDate "2020.03.31"]
[SourceQuality "1"]

1. Nf3 g6 2. c4 Bg7 3. Nc3 e5 4. d4 exd4 5. Nxd4 Ne7 6. e4 Nbc6 7. Be3 0-0 8. Be2 d6 9. 0-0 Bd7 10. Rc1 Kh8 11. Qd2 f5 12. f4 fxe4 13. Nxe4 Nf5 14. Nxf5 Bxf5 15. Ng3 Bd7 16. Kh1 Qf6 17. b3 Rae8 18. Bd3 Nd4 19. f5 Nxf5 20. Bxf5 Bxf5 21. Bg5 Qd4 22. Nxf5 gxf5 23. Rcd1 Qg4 24. h3 Qh5 25. Rf3 Re4 26. Rdf1 Qg6 27. Bf4 Be5 28. Qf2 b6 29. Bc1 Rf6 30. Bb2 f4 31. Rd1 Qe8 32. Qc2 Bxb2 33. Qxb2 Qe5 34. Qc3 Kg7 35. Rd5 Qxc3 36. Rxc3 Re1+ 37. Kh2 Re2 38. a4 Rg6 39. Rdd3 Rexg2+ 0-1

[Event "Talca Bobby Fischer"]
[Site "Talca"]
[Date "2019.04.29"]
[Round "3.2"]
[White "Andaur Vega, Claudio Alejandro"]
[Black "Gonzalez Hernandez, Rodrigo Alons"]
[Result "1-0"]
[WhiteElo "2033"]
[BlackElo "1252"]
[PlyCount "71"]
[EventDate "2019.04.15"]
[EventType "tourn"]
[EventRounds "9"]
[EventCountry "CHI"]
[SourceTitle "EXT 2024"]
[Source "ChessBase"]
[SourceDate "2023.10.10"]
[SourceVersion "1"]
[SourceVersionDate "2023.10.10"]
[SourceQuality "1"]

1. e4 e6 2. Qe2 Nf6 3. d4 d5 4. e5 Nfd7 5. Nf3 c5 6. c3 Nc6 7. a3 Qb6 8. Be3 Na5 9. b4 cxb4 10. axb4 Nc4 11. Nbd2 Nxd2 12. Qxd2 Qc7 13. Bd3 Nb6 14. 0-0 Nc4 15. Qc2 b5 16. Ng5 g6 17. Rae1 Bb7 18. f4 0-0-0 19. Bf2 h6 20. Nf3 Bg7 21. Ra1 Qe7 22. Rxa7 Kc7 23. Rfa1 Ra8 24. Nd2 Rxa7 25. Rxa7 Ra8 26. Rxa8 Bxa8 27. Nb3 Bb7 28. Nc5 Qd8 29. Bxg6 Qa8 30. h3 Qa1+ 31. Kh2 Qb2 32. Qxb2 Nxb2 33. Bxf7 Bc8 34. Bxe6 Bb7 35. Nxb7 Kxb7 36. Bxd5+ 1-0

[Event "CHI-ch "]
[Site "Santiago de Chile"]
[Date "2002.02.14"]
[Round "3"]
[White "Vargas Maliqueo, Ivan Patricio"]
[Black "Andaur Vega, Claudio Alejandro"]
[Result "0-1"]
[WhiteElo "2272"]
[BlackElo "2095"]
[PlyCount "115"]
[EventDate "2002.02.12"]
[EventType "swiss"]
[EventRounds "11"]
[EventCountry "CHI"]
[SourceTitle "CBM 086 Extra"]
[Source "ChessBase"]
[SourceDate "2002.03.14"]
[SourceVersion "1"]
[SourceVersionDate "2002.03.14"]
[SourceQuality "1"]

1. e4 c5 2. Nf3 d6 3. d4 cxd4 4. Nxd4 Nf6 5. Nc3 a6 6. Bc4 e6 7. 0-0 b5 8. Bb3 Be7 9. Qf3 Qb6 10. Be3 Qb7 11. Qg3 0-0 12. Bh6 Ne8 13. Rad1 Kh8 14. Bg5 Bxg5 15. Qxg5 Nf6 16. f3 Nc6 17. Kh1 Ra7 18. Rfe1 Na5 19. a3 Nxb3 20. Nxb3 Qb6 21. Rd4 e5 22. Rd3 Be6 23. Qd2 Rd8 24. Rd1 Rad7 25. Nd5 Nxd5 26. exd5 Bf5 27. Rc3 Rc7 28. Rxc7 Qxc7 29. Rc1 Rc8 30. h3 Qd7 31. g4 Bg6 32. Na5 h5 33. c3 e4 34. Qf4 exf3 35. Kh2 Re8 36. Qxf3 Be4 37. Qd1 hxg4 38. Qxg4 Qxg4 39. hxg4 Bxd5 40. Rc2 Re4 41. Rd2 Be6 42. Rxd6 Bxg4 43. Rxa6 f5 44. Kg3 Re2 45. Rb6 Rxb2 46. c4 Ra2 47. Rxb5 Rxa3+ 48. Kf4 Kh7 49. Nb3 Kh6 50. Nd4 g5+ 51. Ke5 f4 52. Rb2 Rc3 53. Kf6 Kh5 54. c5 Kh4 55. c6 f3 56. Rc2 Rxc2 57. Nxc2 f2 58. Ne3 0-1

[Event "Makati op"]
[Site "Manila"]
[Date "1995.??.??"]
[Round "1"]
[White "Andaur Vega, Claudio Alejandro"]
[Black "Hickl, Joerg"]
[Result "0-1"]
[WhiteElo "2105"]
[BlackElo "2570"]
[PlyCount "54"]
[EventDate "1995.11.??"]
[EventType "swiss"]
[EventRounds "11"]
[EventCountry "PHI"]
[SourceTitle "CBM 051 Extra"]
[Source "ChessBase"]
[SourceDate "1996.05.01"]
[SourceVersion "1"]
[SourceVersionDate "1996.05.01"]
[SourceQuality "1"]

1. e4 g6 2. d4 d6 3. Nc3 c6 4. f4 d5 5. e5 h5 6. Be2 Nh6 7. Nf3 Bg4 8. Ng5 Bxe2 9. Nxe2 e6 10. Qd3 Be7 11. Nxe6 fxe6 12. Qxg6+ Kd7 13. Qxh5 Qg8 14. Qf3 Qg6 15. Kd1 Na6 16. Rg1 Nb4 17. Qc3 Ng4 18. h3 Nf2+ 19. Ke1 Ne4 20. Qb3 a5 21. a4 Bh4+ 22. Kf1 Ng3+ 23. Nxg3 Bxg3 24. Ra3 Rhg8 25. Qxg3 Qxg3 26. Rxg3 Rxg3 27. Kf2 Rag8 0-1